| 000 | 00450nam a2200145Ia 4500 | ||
|---|---|---|---|
| 008 | 231129s1991||||xx |||||||||||||| ||spa|| | ||
| 020 | _a84-7509-678-6 | ||
| 040 | _bspa | ||
| 082 | _a198.1 E49d | ||
| 100 | _aElster Jon | ||
| 245 | 0 | _aDomar la suerte: La aleatoriedad en decisiones individuales y sociales | |
| 260 | _c1991 | ||
| 264 | _aPaidos/I.C.E. de la Universidad Autonoma deBarcelona | ||
| 942 |
_2ddc _cBKS |
||
| 999 |
_c9733 _d9733 |
||